000 00438nab a2200145Ia 4500
003 ES-SlBCS
005 20210601123949.0
008 140529s1982 xxu||||| |||| 00| 0 eng d
041 _aeng
100 1 _aMarshall, John
_9132606
245 0 0 _aHypotetical Imperatives
_c John Marshall
650 0 4 _aImperativo Hipotético
_9132607
773 0 _tAmerican Philosophical Quarterly
_gvol. 19, nº. 1, 1982, págs. 105-114
_wRev1386
942 _cAR
999 _c506930
_d506930